[Event "DEM U14 2013"]
[Site "Oberhof GER"]
[Date "2013.05.25"]
[Round "9"]
[White "Schmekel, Florian"]
[Black "Hartge, Gedeon"]
[Result "1/2-1/2"]
[Termination "normal"]
[Board "17"]
[WhiteElo "1570"]
[BlackElo "1781"]
[PlyCount "119"]
[WhiteFideId "12913456"]
[BlackFideId "12932116"]
[EventCountry "GER"]
[EventRounds "9"]
[EventType "swiss"]
[EventDate "2013.05.18"]

1. d4 Nf6 2. c4 c5 3. d5 b5 4. Nf3 d6 5. Qc2 g6 6. e4 Nbd7 7. h3 Bg7 8. cxb5 a6
9. Nc3 axb5 10. Bxb5 Qc7 11. Qe2 O-O 12. O-O Bb7 13. a4 Rfb8 14. Rb1 Qa5 15.
Bd2 Qa7 16. Rfe1 Ba6 17. Bxa6 Qxa6 18. Qxa6 Rxa6 19. b3 Ne8 20. Rec1 Nc7 21.
Ne2 Ra7 22. Bc3 Bxc3 23. Nxc3 Rab7 24. Nd2 Ne5 25. Ne2 Rb4 26. Rc3 Nd7 27. Rc4
Ne5 28. Rxb4 Rxb4 29. Rc1 Na8 30. f4 Nd7 31. Rc4 Rb7 32. Nc1 Nab6 33. Rc3 Nf6
34. Nd3 h5 35. Nb2 Kf8 36. Kf2 Ke8 37. Kf3 Kd7 38. Nbc4 Nxc4 39. Nxc4 Kc7 40.
Re3 Nd7 41. Na5 Rb8 42. Nc6 Re8 43. b4 cxb4 44. Rb3 e6 45. Rxb4 exd5 46. exd5
Nb6 47. Rd4 Nxd5 48. Rxd5 Kxc6 49. Rd1 Kc5 50. Ra1 d5 51. a5 Ra8 52. a6 Kc4 53.
Ke3 d4+ 54. Kd2 Ra7 55. Ra4+ Kb5 56. Ra1 Kc4 57. Rc1+ Kd5 58. Ra1 Ke4 59. g3
Kf3 60. Ra3+ 1/2-1/2

[Event "DEM U14 2013"]
[Site "Oberhof GER"]
[Date "2013.05.25"]
[Round "9"]
[White "Killgus, Leonard"]
[Black "Spitzl, Vinzent"]
[Result "1/2-1/2"]
[Termination "normal"]
[Board "18"]
[WhiteElo "1662"]
[BlackElo "1806"]
[PlyCount "53"]
[WhiteFideId "12922021"]
[BlackFideId "12901253"]
[EventCountry "GER"]
[EventRounds "9"]
[EventType "swiss"]
[EventDate "2013.05.18"]

1. e4 e5 2. Nf3 Nc6 3. d4 exd4 4. Bc4 Be7 5. c3 Nf6 6. O-O d6 7. cxd4 O-O 8.
Re1 d5 9. exd5 Nxd5 10. Nc3 Nb6 11. Bb3 Bf6 12. Be3 Bg4 13. d5 Ne5 14. Bxb6
axb6 15. Kh1 g6 16. Ne4 Bg7 17. Rb1 Nxf3 18. gxf3 Bf5 19. Qd2 Qh4 20. Rbd1 Rad8
21. Ng3 Bh3 22. Qe2 Qf6 23. Rc1 c6 24. Ne4 Qxb2 25. Rc2 Qd4 26. dxc6 bxc6 27.
Rxc6 1/2-1/2

[Event "DEM U14 2013"]
[Site "Oberhof GER"]
[Date "2013.05.25"]
[Round "9"]
[White "Karsay, Pascal"]
[Black "Schmidt, Daniel"]
[Result "1-0"]
[Termination "normal"]
[Board "19"]
[WhiteElo "1693"]
[BlackElo "1731"]
[PlyCount "51"]
[WhiteFideId "12953474"]
[BlackFideId "12931349"]
[EventCountry "GER"]
[EventRounds "9"]
[EventType "swiss"]
[EventDate "2013.05.18"]

1. e4 e5 2. Nf3 Nc6 3. Bc4 Nf6 4. d3 Bc5 5. c3 a6 6. O-O O-O 7. Bb3 Ba7 8. h3
d5 9. exd5 Nxd5 10. Re1 Nf4 11. Bxf4 exf4 12. d4 Bf5 13. Ne5 Nxe5 14. Rxe5 Bg6
15. Nd2 c6 16. Qg4 Kh8 17. Rae1 Rc8 18. Nf3 c5 19. Rg5 cxd4 20. Ne5 dxc3 21.
bxc3 Rxc3 22. Rxg6 fxg6 23. Nf7+ Rxf7 24. Bxf7 Rg3 25. Qxf4 Bb8 26. Qe4 1-0

[Event "DEM U14 2013"]
[Site "Oberhof GER"]
[Date "2013.05.25"]
[Round "9"]
[White "Tiarks, Jann-Christian"]
[Black "Lai Hop, Long"]
[Result "1/2-1/2"]
[Termination "normal"]
[Board "21"]
[WhiteElo "1535"]
[BlackElo "1659"]
[PlyCount "69"]
[WhiteFideId "12951595"]
[BlackFideId "12942707"]
[EventCountry "GER"]
[EventRounds "9"]
[EventType "swiss"]
[EventDate "2013.05.18"]

1. d4 d5 2. c4 c6 3. Nc3 Nf6 4. Bg5 Bf5 5. Qb3 Qd7 6. e3 Ne4 7. Nxe4 Bxe4 8. f3
dxc4 9. Bxc4 Bd5 10. Bxd5 cxd5 11. Ne2 e6 12. O-O Bd6 13. Bf4 Bxf4 14. Nxf4 O-O
15. Rac1 Nc6 16. Qb5 Rfc8 17. Rc3 Rc7 18. Rfc1 Rac8 19. Nd3 Rb8 20. Ne5 Nxe5
21. Qxd7 Rxc3 22. dxe5 Rxc1+ 23. Kf2 Rc2+ 24. Kg3 Rxb2 25. Qc7 Re8 26. a4 h6
27. Qc3 Rb6 28. Qa5 Ra6 29. Qb5 Rf8 30. h4 Rb6 31. Qc5 Ra6 32. Qc2 Rc6 33. Qb2
Rb6 34. Qd4 Rc8 35. a5 1/2-1/2

[Event "DEM U14 2013"]
[Site "Oberhof GER"]
[Date "2013.05.25"]
[Round "9"]
[White "Ronge, Tim"]
[Black "Gröbel, Aaron"]
[Result "1/2-1/2"]
[Termination "normal"]
[Board "22"]
[WhiteElo "1604"]
[BlackElo "1720"]
[PlyCount "142"]
[WhiteFideId "12955418"]
[BlackFideId "12914851"]
[EventCountry "GER"]
[EventRounds "9"]
[EventType "swiss"]
[EventDate "2013.05.18"]

1. e4 e5 2. Nf3 Nc6 3. Bb5 a6 4. Ba4 Nf6 5. O-O b5 6. Bb3 Bc5 7. Nxe5 Nxe5 8.
d4 Bxd4 9. Qxd4 Nc6 10. Qc3 O-O 11. e5 Ne8 12. f4 Bb7 13. Be3 Qe7 14. Bc5 d6
15. exd6 cxd6 16. Bf2 Rc8 17. Re1 Qd7 18. Qd2 Ne7 19. Nc3 Ng6 20. Bd5 Bxd5 21.
Nxd5 Qf5 22. c3 Nf6 23. Nxf6+ Qxf6 24. g3 Rfd8 25. Re2 h6 26. Rae1 Qf5 27. Bb6
Rd7 28. Re8+ Rxe8 29. Rxe8+ Kh7 30. a3 h5 31. Re2 h4 32. Qc2 Qxc2 33. Rxc2 hxg3
34. hxg3 Ne7 35. Rd2 g6 36. Bd4 f5 37. Be5 Kg8 38. Rxd6 Rxd6 39. Bxd6 Nd5 40.
Bc5 Kf7 41. Kf2 Nf6 42. Kf3 Ke6 43. Bd4 Ne4 44. b4 Nd2+ 45. Ke3 Nc4+ 46. Kd3
Nxa3 47. Bc5 Kd5 48. Bd4 Nc4 49. Bf6 Nd6 50. Bg5 Ne4 51. Bh4 Nf2+ 52. Ke2 Ne4
53. Kd3 Nd6 54. Bg5 Nc4 55. Bd8 Nd6 56. Bg5 Nb7 57. Be7 a5 58. bxa5 Nxa5 59.
Bd8 Nb3 60. Be7 Na5 61. Bd8 Nc6 62. Bf6 Na7 63. Bd4 Nc8 64. Be5 Nb6 65. Bg7 Nc4
66. Bf8 Nb6 67. Bg7 Nd7 68. Bd4 Nf8 69. Bf6 Ne6 70. Be7 Ng7 71. Bf6 Ne8 1/2-1/2